67 - Sudden Death - Statistics

General Stats
  • This quiz has been taken 94 times
  • The average score is 47 of 90
Answers on the Grid
Answers color-coded by a green-red scale on the quiz's grid according to % correct below.
67
67
67
67
67
67
67
67
67
67
67
67
67
67
67
67
67
67
67
67
67
67
67
67
67
67
67
67
67
67
67
67
67
67
67
67
67
67
67
67
67
67
67
67
67
67
67
67
67
67
67
67
67
67
67
67
67
67
67
67
67
67
67
67
67
67
67
67
67
67
67
67
67
67
67
61
57
57
57
61
61
97
97
97
97
67
67
67
67
67
67
67
67
67
67
67
67
67
67
67
 
Answer Stats
Answer % Correct
67
63%
67
62%
67
62%
67
62%
67
60%
67
60%
67
60%
67
60%
67
60%
67
60%
67
58%
67
58%
67
58%
67
58%
67
58%
67
58%
67
58%
67
56%
67
56%
67
56%
67
56%
67
56%
67
56%
67
56%
67
56%
67
56%
67
54%
67
54%
67
54%
67
54%
67
54%
67
54%
67
54%
67
54%
67
54%
67
54%
67
54%
67
54%
67
54%
67
52%
67
52%
67
52%
67
52%
67
52%
67
52%
67
52%
67
52%
67
52%
67
50%
67
50%
67
50%
67
50%
67
50%
67
50%
67
50%
67
50%
67
50%
67
50%
67
50%
67
50%
67
50%
67
50%
67
48%
67
48%
67
48%
67
48%
67
48%
67
48%
67
48%
67
48%
67
48%
67
48%
67
46%
67
46%
67
46%
67
46%
67
46%
67
46%
67
46%
67
46%
67
44%
67
44%
67
44%
67
44%
67
44%
67
42%
67
42%
67
40%
67
40%
67
38%
No matching quizzes found
Score Distribution
Percent of People with Each Score
Percentile by Number Answered
Your Score History
You have not taken this quiz